000 nam a22 a 4500
999 _c128858
_d128858
003 BLK
005 20221208100403.0
008 180409b bul|||||r ||||||| ||bul||
010 _aKNG00134590000
040 _aBLK
041 _aBUL
_cBUL
080 _aТумори. Неоплазми (новообразувания). Онкология (учение за туморите)
_b616-006
_z616-006
100 1 _aБоева, Мария Ненова
_eпърви автор
_9321426
139 _aБоева, Мария Ненова и др.
_bБ 55
245 1 0 _aИмунобиология на туморния растеж
_bМоногр.
_cМария Ненова Боева; съавт. Вера Вл. Городилова.
257 _aBGR
260 _bМедицина и физкултура
_c1979
_aСофия
300 _a167 с.
_bс табл., черт., 2 л. ил.
_c22 см
380 _a61
500 _a1 600 тир.
650 4 _aРак
_9168905
650 4 _aИмунология
_9157118
650 4 _aТумори
_9174185
653 _aрак
653 _aимунология
653 _aтумори
700 1 _aГородилова, Вера Вл.
_eсъавт.
_955218
852 _aЦб 100091
_bЦб
856 4 _qpdf
_i0.00
_ldisable
856 4 _qpdf
_i0.00
_ldisable
942 _cKNG
_n0
_s1
944 _aCR
_c08.10.2012
_l08.10.2012 - от С1,Р / 08.10.2012
_kГрета_Цуфелде
944 _aED
_c08.10.2012
_l08.10.2012 - от С1,Р / 08.10.2012
944 _aED
_c2022-12-08
_l2022-12-08
999 _d128858